Statistics for Vitamins: Water-Soluble or Fat-Soluble?

Click here to take the quiz!

General Stats

  • This quiz has been taken 87 times
    (84 since last reset)
  • The average score is 11 of 14

Answer Stats

QuestionAnswer% Correct
Vitamin CWater-soluble
92%
Vitamin B5Water-soluble
83%
Vitamin B9Water-soluble
81%
Vitamin B1Water-soluble
79%
Vitamin B3Water-soluble
79%
Vitamin B2Water-soluble
77%
Vitamin B4Water-soluble
76%
Vitamin B12Water-soluble
75%
Vitamin EFat-soluble
73%
Vitamin DFat-soluble
72%
Vitamin AFat-soluble
71%
Vitamin B7Water-soluble
71%
Vitamin B6Water-soluble
69%
Vitamin KFat-soluble
68%

Score Distribution

Percentile by Number Answered

Percent of People with Each Score

Your Score History

You have not taken this quiz since the last reset